[Event "Weekend Inverno"]
[Site "Roma ITA"]
[Date "2009.02.06"]
[Round "1"]
[White "Petragnani, Alessandro"]
[Black "Passerotti, Pierluigi"]
[Result "0-1"]
[WhiteElo "1699"]
[BlackElo "2297"]
[PlyCount "111"]
[EventDate "2009.02.06"]

1. c4 c5 2. Nc3 Nc6 3. Nf3 Nf6 4. g3 g6 5. Bg2 Bg7 6. O-O O-O 7. d3 d5 8. Nd2
Be6 9. cxd5 Nxd5 10. Nde4 Nxc3 11. bxc3 Bd5 12. Rb1 b6 13. c4 Bxe4 14. Bxe4 Rc8
15. Bb2 Qd7 16. Qa4 Rfd8 17. Bxc6 Rxc6 18. Rfd1 h5 19. Bxg7 Kxg7 20. h4 g5 21.
hxg5 h4 22. Qb5 hxg3 23. Qb2+ f6 24. fxg3 Rh8 25. e3 Rh3 26. Rd2 Qg4 27. Rg2
Qxg5 28. Qf2 Rc8 29. Qf4 Qg6 30. Kf2 Kf7 31. Re1 Rch8 32. Qf3 Rh1 33. Qd5+ Kg7
34. Rxh1 Rxh1 35. Qd7 Kf7 36. Qd5+ Kf8 37. Qd8+ Qe8 38. Qxe8+ Kxe8 39. Ke2 Kf7
40. d4 cxd4 41. exd4 Ke6 42. Kd3 Kd6 43. Rf2 Rg1 44. Rf3 Rb1 45. Rf2 Rc1 46.
Re2 e6 47. g4 Rg1 48. Rf2 Ke7 49. Rh2 Rg3+ 50. Ke4 Rxg4+ 51. Ke3 Kd6 52. Rh3 e5
53. dxe5+ Kxe5 54. Rh5+ f5 55. Rh7 Rg3+ 56. Kd2 0-1

[Event "Weekend Inverno"]
[Site "Roma ITA"]
[Date "2009.02.06"]
[Round "1"]
[White "Petragnani, Gian Giacomo"]
[Black "Vespe, Francesco"]
[Result "0-1"]
[WhiteElo "1640"]
[BlackElo "1994"]
[PlyCount "42"]
[EventDate "2009.02.06"]

1. Nf3 d5 2. g3 c5 3. Bg2 Nc6 4. O-O e5 5. d3 Nf6 6. Nbd2 Bg4 7. Nxe5 Nxe5 8.
h3 Bd7 9. g4 Bc6 10. f4 Ng6 11. g5 Nh5 12. e3 Ng3 13. Re1 Qd7 14. Kh2 Nf5 15.
e4 dxe4 16. Bxe4 O-O-O 17. Nc4 Bxe4 18. Rxe4 Nd6 19. Ne5 Qf5 20. Nxg6 hxg6 21.
Re5 Qxh3+ 0-1

[Event "Weekend Inverno"]
[Site "Roma ITA"]
[Date "2009.02.06"]
[Round "1"]
[White "Quimi, Marco"]
[Black "Tomassetti, Giuseppe"]
[Result "1-0"]
[WhiteElo "2245"]
[BlackElo "1697"]
[PlyCount "115"]
[EventDate "2009.02.06"]

1. e4 d6 2. d4 Nf6 3. Nc3 g6 4. Nf3 Bg7 5. Be2 O-O 6. O-O c6 7. a4 Bg4 8. Re1
Nbd7 9. a5 e5 10. Be3 Bxf3 11. Bxf3 Qc7 12. Qd2 b6 13. d5 bxa5 14. dxc6 Qxc6
15. Red1 Rfb8 16. Ra2 Bf8 17. b3 Rc8 18. Nd5 Nxd5 19. Qxd5 Nf6 20. Qxa5 a6 21.
h4 h5 22. Rda1 Kg7 23. Qb6 Qxb6 24. Bxb6 Rc6 25. Be3 Kh7 26. Kf1 Bh6 27. Bxh6
Kxh6 28. Ke2 Nd7 29. Kd2 Rac8 30. Bd1 Nb8 31. Be2 Rc3 32. Bc4 R3xc4 33. bxc4
Rxc4 34. f3 f5 35. exf5 gxf5 36. c3 Kg6 37. Rb1 Rc8 38. Rb6 Kf6 39. Rab2 Nc6
40. Rxa6 e4 41. Rbb6 exf3 42. gxf3 Nd8 43. Rxd6+ Ke5 44. Rd4 Nc6 45. f4+ Ke6
46. Rc4 Kd5 47. Raxc6 Rxc6 48. Rxc6 Kxc6 49. Kd3 Kd5 50. c4+ Kc5 51. Kc3 Kc6
52. Kd4 Kd6 53. c5+ Kc6 54. Kc4 Kd7 55. Kd5 Kc7 56. Ke5 Kc6 57. Kxf5 Kxc5 58.
Ke6 1-0

[Event "Weekend Inverno"]
[Site "Roma ITA"]
[Date "2009.02.06"]
[Round "1"]
[White "Spano' Cuomo, Gaetano"]
[Black "Padovano, Vito"]
[Result "1-0"]
[WhiteElo "1840"]
[BlackElo "1443"]
[PlyCount "45"]
[EventDate "2009.02.06"]

1. c4 Nf6 2. Nc3 e6 3. Nf3 Nc6 4. d4 d5 5. e3 Bb4 6. a3 Bxc3+ 7. bxc3 O-O 8.
Be2 Re8 9. O-O e5 10. cxd5 Nxd5 11. c4 Nc3 12. Qc2 Nxe2+ 13. Qxe2 exd4 14. Bb2
Bg4 15. Qd3 dxe3 16. Qc3 f6 17. fxe3 Ne5 18. Nxe5 Rxe5 19. Rf4 Qd7 20. Raf1 Rf8
21. Qxe5 Qe8 22. Qxe8 Rxe8 23. Rxg4 1-0

[Event "Weekend Inverno"]
[Site "Roma ITA"]
[Date "2009.02.06"]
[Round "1"]
[White "Wollenweber, Carsten"]
[Black "Paragliola, Gennaro"]
[Result "1-0"]
[WhiteElo "2155"]
[BlackElo "1643"]
[PlyCount "33"]
[EventDate "2009.02.06"]

1. e4 d6 2. d4 g6 3. Nc3 Bg7 4. f4 Nf6 5. Nf3 O-O 6. e5 dxe5 7. fxe5 Nd5 8. Bc4
Nxc3 9. bxc3 Bg4 10. h3 Bd7 11. O-O e6 12. Ng5 Nc6 13. Qg4 h6 14. Ne4 Nxe5 15.
dxe5 Bxe5 16. Bxh6 Kh7 17. Bxf8 1-0

[Event "Weekend Inverno"]
[Site "Roma ITA"]
[Date "2009.02.07"]
[Round "2"]
[White "Battistelli, Alessandro"]
[Black "Benocci, Umiliano"]
[Result "1-0"]
[WhiteElo "1854"]
[BlackElo "1592"]
[PlyCount "113"]
[EventDate "2009.02.06"]

1. e4 e6 2. d4 d5 3. Nc3 dxe4 4. Nxe4 Bd7 5. c4 Bc6 6. Qd3 Bxe4 7. Qxe4 c6 8.
Nf3 Nf6 9. Qd3 Bb4+ 10. Bd2 Bxd2+ 11. Qxd2 O-O 12. Bd3 Nbd7 13. O-O Qc7 14.
Rac1 Qd6 15. Rfd1 Rfd8 16. d5 exd5 17. cxd5 cxd5 18. Qa5 b6 19. Qa6 Nc5 20. Qb5
Nxd3 21. Rxd3 Rac8 22. Rdc3 Rxc3 23. Rxc3 h6 24. Qa6 Qb8 25. Nd4 Re8 26. g3
Re1+ 27. Kg2 Kh7 28. Rc8 Qe5 29. Nf3 Qe4 30. Qxa7 Ng4 31. Qxf7 Ne5 32. Qf4 Nxf3
33. Qxf3 Re2 34. Qxe4+ dxe4 35. b4 Rxa2 36. Rc4 Re2 37. Kf1 Rd2 38. Rxe4 Rd5
39. Ke2 Kg8 40. h4 Kf7 41. Ke3 Rd1 42. Rc4 Rd6 43. Ke4 Kf6 44. Rd4 Re6+ 45. Kd5
Re5+ 46. Kc6 Re2 47. Rf4+ Ke5 48. Kxb6 g5 49. hxg5 hxg5 50. Rf3 g4 51. Rf4 Rb2
52. b5 Ke6 53. Rxg4 Rxf2 54. Kb7 Rf5 55. b6 Rf7+ 56. Ka6 Rf8 57. Ra4 1-0

[Event "Weekend Inverno"]
[Site "Roma ITA"]
[Date "2009.02.07"]
[Round "2"]
[White "Bernardinetti, Luca"]
[Black "Ruotolo, Claudio"]
[Result "1/2-1/2"]
[WhiteElo "1554"]
[BlackElo "1757"]
[PlyCount "31"]
[EventDate "2009.02.06"]

1. e4 e5 2. Nf3 Nc6 3. Bb5 Nf6 4. d4 exd4 5. e5 Ne4 6. Nxd4 Be7 7. Bxc6 bxc6 8.
O-O Bc5 9. Be3 O-O 10. f3 Ng5 11. Qd2 Ne6 12. Nxe6 Bxe3+ 13. Qxe3 fxe6 14. Nd2
Qe7 15. Nb3 Qb4 16. f4 1/2-1/2

[Event "Weekend Inverno"]
[Site "Roma ITA"]
[Date "2009.02.07"]
[Round "2"]
[White "Carotenuto, Piero"]
[Black "Iandolo, Marco"]
[Result "0-1"]
[WhiteElo "1724"]
[BlackElo "1975"]
[PlyCount "62"]
[EventDate "2009.02.06"]

1. e4 d5 2. exd5 Nf6 3. Nc3 Nxd5 4. d4 Nxc3 5. bxc3 g6 6. Nf3 Bg7 7. Bc4 O-O 8.
O-O c5 9. Be3 Qc7 10. Be2 Nd7 11. Qc1 e5 12. Bh6 exd4 13. Bxg7 Kxg7 14. cxd4
cxd4 15. Rd1 Ne5 16. Nxd4 Bd7 17. Qb2 Kg8 18. Rab1 b6 19. Nb5 Bxb5 20. Bxb5
Rfd8 21. h3 a6 22. Rxd8+ Rxd8 23. Bxa6 h5 24. Qxb6 Rd1+ 25. Bf1 Qxb6 26. Rxb6
Nc4 27. Rb8+ Kg7 28. g3 Nd2 29. Rd8 Nf3+ 30. Kg2 Ne1+ 31. Kg1 Rxd8 0-1

[Event "Weekend Inverno"]
[Site "Roma ITA"]
[Date "2009.02.07"]
[Round "2"]
[White "Chiaretti, Roberto"]
[Black "Bolla, Vittorio"]
[Result "1-0"]
[WhiteElo "2198"]
[BlackElo "1850"]
[PlyCount "81"]
[EventDate "2009.02.06"]

1. d4 Nf6 2. Bg5 Ne4 3. Bf4 e6 4. f3 g5 5. Bc1 Nd6 6. Nc3 Bg7 7. e4 Nc6 8. Be3
a6 9. Nh3 h6 10. f4 b5 11. fxg5 b4 12. Na4 Nxe4 13. Qg4 d5 14. gxh6 Bxd4 15.
Bxd4 Nxd4 16. Bd3 e5 17. Qg7 Qh4+ 18. g3 Qxh6 19. Qxe5+ Ne6 20. Bxe4 dxe4 21.
Nf4 O-O 22. O-O-O Bb7 23. Kb1 Rfe8 24. Nh5 Kf8 25. Nc5 Bc6 26. Nf6 Re7 27.
Ncd7+ Bxd7 28. Nxd7+ Ke8 29. Nf6+ Kf8 30. Nd7+ Kg8 31. Nf6+ Kf8 32. Nxe4 a5 33.
Rhe1 a4 34. Nc5 b3 35. cxb3 axb3 36. Nxb3 c6 37. Nd4 Qh7+ 38. Ka1 Rxa2+ 39.
Kxa2 Ra7+ 40. Kb3 Rb7+ 41. Kc3 1-0

[Event "Weekend Inverno"]
[Site "Roma ITA"]
[Date "2009.02.07"]
[Round "2"]
[White "Ciotoli, Patrizio"]
[Black "Di Paolantonio, Leonardo"]
[Result "1-0"]
[WhiteElo "2155"]
[BlackElo "1482"]
[PlyCount "93"]
[EventDate "2009.02.06"]

1. e4 e5 2. Bc4 Nf6 3. d3 Bc5 4. Nc3 d6 5. h3 Nc6 6. Nf3 O-O 7. Bg5 h6 8. Bh4
Be6 9. Qd2 Nd4 10. Nxd4 Bxd4 11. Nd5 Bxd5 12. Bxd5 c6 13. c3 Bxc3 14. bxc3 cxd5
15. Bxf6 Qxf6 16. exd5 Rac8 17. Rc1 Rc5 18. c4 Rfc8 19. O-O a6 20. a4 Rb8 21.
f3 Qd8 22. f4 Qa5 23. Qxa5 Rxa5 24. fxe5 dxe5 25. Ra1 Rd8 26. Rfe1 f6 27. Kf2
Rc8 28. Ke3 b5 29. axb5 Rxa1 30. Rxa1 axb5 31. Rc1 bxc4 32. dxc4 f5 33. c5 Kf7
34. g4 g6 35. h4 h5 36. gxf5 gxf5 37. Kd3 Ke7 38. Kc4 Rb8 39. Rg1 Kf6 40. c6
Rb2 41. Kc5 Rc2+ 42. Kd6 Ra2 43. Kd7 Ra7+ 44. c7 e4 45. Kd8 Ra8+ 46. c8=Q Rxc8+
47. Kxc8 1-0

[Event "Weekend Inverno"]
[Site "Roma ITA"]
[Date "2009.02.07"]
[Round "2"]
[White "Gatta, Flavio"]
[Black "Quimi, Marco"]
[Result "0-1"]
[WhiteElo "1759"]
[BlackElo "2245"]
[PlyCount "56"]
[EventDate "2009.02.06"]

1. c4 e5 2. Nc3 Nf6 3. Nf3 Nc6 4. e3 Bb4 5. Qc2 O-O 6. Nd5 Re8 7. Qf5 d6 8.
Nxf6+ Qxf6 9. Qxf6 gxf6 10. a3 Bc5 11. b4 Bb6 12. Bb2 a5 13. b5 Nd8 14. a4 Ne6
15. Be2 Nc5 16. O-O Bf5 17. Ne1 Rad8 18. d3 d5 19. d4 exd4 20. Bxd4 Nb3 21.
Bxb6 Nxa1 22. Bxc7 Rd7 23. Bxa5 Nb3 24. Bb4 d4 25. Bd1 dxe3 26. Bxb3 e2 27. Bc5
Rd1 28. Bxd1 exd1=Q 0-1

[Event "Weekend Inverno"]
[Site "Roma ITA"]
[Date "2009.02.07"]
[Round "2"]
[White "Maddaloni, Giovanni"]
[Black "Napoli, Nicolo'"]
[Result "0-1"]
[WhiteElo "1843"]
[BlackElo "2313"]
[PlyCount "64"]
[EventDate "2009.02.06"]

1. e4 c6 2. Nc3 Nf6 3. e5 Nd5 4. d4 d6 5. Bd3 dxe5 6. dxe5 Nxc3 7. bxc3 Qa5 8.
Nf3 Bg4 9. O-O Nd7 10. Bf4 g5 11. Bg3 Bg7 12. Re1 e6 13. Rb1 O-O-O 14. Re4 h5
15. h3 Nc5 16. Reb4 Bf5 17. Nxg5 Bg6 18. h4 Rd7 19. Nf3 Nxd3 20. cxd3 Bxd3 21.
Rc1 Be4 22. Qxd7+ Kxd7 23. Rxe4 Kc7 24. Rf4 Rf8 25. Rd1 c5 26. Ng5 Bh6 27. Rf3
Bxg5 28. hxg5 Qa4 29. Rd2 h4 30. Bf4 Rd8 31. Be3 Rxd2 32. Bxd2 Qd1+ 0-1

[Event "Weekend Inverno"]
[Site "Roma ITA"]
[Date "2009.02.07"]
[Round "2"]
[White "Mammoliti, Francesco"]
[Black "Wollenweber, Carsten"]
[Result "0-1"]
[WhiteElo "1752"]
[BlackElo "2155"]
[PlyCount "60"]
[EventDate "2009.02.06"]

1. d4 b5 2. e4 Bb7 3. Bd3 Nf6 4. Nd2 e6 5. Ngf3 c5 6. c3 Qb6 7. O-O cxd4 8.
Nxd4 a6 9. e5 Nd5 10. Qg4 Nc6 11. N2f3 Bc5 12. a4 b4 13. Nxc6 Qxc6 14. c4 Ne7
15. Re1 Qc7 16. b3 Nc6 17. Bb2 O-O-O 18. Ng5 d6 19. Be4 Nxe5 20. Bxb7+ Kxb7 21.
Bxe5 dxe5 22. Qf3+ Kb8 23. Qxf7 Qb6 24. Rad1 Rdf8 25. Qxe6 Bxf2+ 26. Kh1 Qxe6
27. Nxe6 Rf6 28. Rf1 e4 29. Nd4 Bxd4 30. Rxd4 Rxf1# 0-1

[Event "Weekend Inverno"]
[Site "Roma ITA"]
[Date "2009.02.07"]
[Round "2"]
[White "Padovano, Vito"]
[Black "Franciosi, Claudio"]
[Result "1/2-1/2"]
[WhiteElo "1443"]
[BlackElo "1647"]
[PlyCount "108"]
[EventDate "2009.02.06"]

1. e4 e5 2. Nf3 Nc6 3. Nc3 Nf6 4. Bb5 Nd4 5. Nxd4 exd4 6. e5 dxc3 7. exf6 cxd2+
8. Qxd2 Qxf6 9. O-O Be7 10. Qe3 O-O 11. Bd2 b6 12. Bc3 Qg5 13. Qxg5 Bxg5 14.
Rfe1 c6 15. Bd3 Bb7 16. Rad1 d5 17. Bd2 Bf6 18. b4 Rfe8 19. Rxe8+ Rxe8 20. Re1
Rxe1+ 21. Bxe1 g6 22. f4 Bd4+ 23. Bf2 Bxf2+ 24. Kxf2 f5 25. g3 d4 26. Bc4+ Kg7
27. Ke2 c5 28. bxc5 bxc5 29. Kd2 Kf6 30. c3 dxc3+ 31. Kxc3 h6 32. Bd3 Bd5 33.
a4 g5 34. Bc4 Ke6 35. fxg5 hxg5 36. h4 gxh4 37. gxh4 Bxc4 38. Kxc4 f4 39. h5
Kf6 40. Kd3 Kg5 41. Ke4 c4 42. h6 Kxh6 43. Kxf4 c3 44. Ke3 c2 45. Kd2 c1=Q+ 46.
Kxc1 Kg6 47. Kc2 Kf6 48. Kc3 Ke6 49. Kb4 Kd6 50. Kb5 Kc7 51. a5 Kb7 52. a6+ Kc7
53. Kc5 Kd7 54. Kd5 Kc7 1/2-1/2

[Event "Weekend Inverno"]
[Site "Roma ITA"]
[Date "2009.02.07"]
[Round "2"]
[White "Passerotti, Pierluigi"]
[Black "Franciosi, Fausto"]
[Result "1-0"]
[WhiteElo "2297"]
[BlackElo "1869"]
[PlyCount "127"]
[EventDate "2009.02.06"]

1. d4 d6 2. e4 Nf6 3. Nc3 e5 4. Nf3 Nbd7 5. Bc4 Be7 6. O-O O-O 7. Re1 c6 8. a4
a5 9. h3 Nb6 10. Bb3 Nfd7 11. Be3 exd4 12. Qxd4 Nc5 13. Ba2 Be6 14. Bxe6 fxe6
15. e5 d5 16. Qg4 Qe8 17. Nd4 Qg6 18. b3 Nbd7 19. Qxg6 hxg6 20. f4 Rfe8 21. Nf3
Na6 22. Rf1 Nb4 23. Rac1 c5 24. Nb5 d4 25. Bd2 Nd5 26. g3 b6 27. h4 Nb8 28. Ne1
Nc6 29. Nd3 Red8 30. Rfe1 Ncb4 31. Bxb4 axb4 32. Kf2 Kf7 33. Ke2 Rd7 34. Nb2
Ne3 35. Kd3 Rad8 36. Re2 Bf8 37. Ra1 Be7 38. Rd2 Ra8 39. Ra2 Ng4 40. Re2 Ne3
41. Re1 Re8 42. Re2 Kg8 43. Ra1 Ra8 44. Ke4 Kf7 45. Rh2 Ng4 46. Re2 Ne3 47. Nd3
Kg8 48. Ne1 Kf7 49. Nf3 Nd5 50. Rd1 Rad8 51. Red2 Kf8 52. Rd3 Kf7 53. Nd2 Ne3
54. Rc1 Kg8 55. Kf3 Kf7 56. Ne4 Nf5 57. Ra1 Ra8 58. Rd2 Kg8 59. Ke2 Kf7 60. Kd3
Kg8 61. Rh2 Kf7 62. Rah1 Rh8 63. Rh3 Rb7 64. g4 1-0

[Event "Weekend Inverno"]
[Site "Roma ITA"]
[Date "2009.02.07"]
[Round "2"]
[White "Pica, Livia"]
[Black "Petragnani, Gian Giacomo"]
[Result "0-1"]
[WhiteElo "1427"]
[BlackElo "1640"]
[PlyCount "48"]
[EventDate "2009.02.06"]

1. e4 g6 2. d4 Bg7 3. Nf3 d6 4. Be2 a6 5. O-O Nd7 6. Be3 b5 7. a3 Bb7 8. Nc3 e6
9. Qd2 h6 10. Rad1 Ne7 11. Rfe1 Kf8 12. h3 Kg8 13. b4 Kh7 14. g4 Nf6 15. Bd3 d5
16. Ne5 Rf8 17. f3 dxe4 18. Nxe4 Nfd5 19. g5 Nxe3 20. Qxe3 Nf5 21. Qf4 Qxd4+
22. Kg2 Bxe5 23. Be2 Bxf4 24. Rxd4 Nxd4 0-1

[Event "Weekend Inverno"]
[Site "Roma ITA"]
[Date "2009.02.07"]
[Round "2"]
[White "Prudenzano, Ruggero"]
[Black "Carnicelli, Valerio"]
[Result "1-0"]
[WhiteElo "1923"]
[BlackElo "1730"]
[PlyCount "113"]
[EventDate "2009.02.06"]

1. d4 d5 2. c4 c6 3. Nc3 Nf6 4. Nf3 e6 5. cxd5 exd5 6. g3 Bd6 7. Bg2 Bg4 8. O-O
Bxf3 9. Bxf3 O-O 10. Qb3 Qb6 11. Qxb6 axb6 12. Bg5 Nbd7 13. e4 dxe4 14. Nxe4
Nxe4 15. Bxe4 f5 16. Bc2 h6 17. Bd2 f4 18. Rfe1 fxg3 19. hxg3 Rfe8 20. Bb3+ Kh8
21. Bc3 Nf6 22. Kg2 Rxe1 23. Rxe1 Re8 24. Rxe8+ Nxe8 25. Be6 b5 26. Bc8 b4 27.
Bd2 Nf6 28. Bxb7 c5 29. dxc5 Bxc5 30. Be3 Bd6 31. Kf3 Kg8 32. Bc1 Kf7 33. a4
bxa3 34. bxa3 Ke6 35. a4 Bb4 36. Ke2 Kd6 37. Bf4+ Kc5 38. Bc7 Ne8 39. Bd8 Nd6
40. Be7 Kb6 41. Bd5 Kc5 42. Bb3 Kb6 43. Bf8 Nf5 44. Bxb4 Nd4+ 45. Ke3 Nxb3 46.
Ke4 Nc1 47. Bf8 h5 48. Bxg7 Ka5 49. Kf5 Nd3 50. f4 Kxa4 51. Kg5 Kb5 52. f5 Kc6
53. Kxh5 Kd6 54. Bc3 Ke7 55. Kg6 Kf8 56. f6 Kg8 57. f7+ 1-0

[Event "Weekend Inverno"]
[Site "Roma ITA"]
[Date "2009.02.07"]
[Round "2"]
[White "Tinebra, Vincenzo"]
[Black "Petragnani, Alessandro"]
[Result "0-1"]
[WhiteElo "1464"]
[BlackElo "1699"]
[PlyCount "64"]
[EventDate "2009.02.06"]

1. Nc3 g6 2. e4 Bg7 3. g3 c5 4. d3 Nc6 5. Nf3 d6 6. Be3 Nf6 7. Rb1 Ng4 8. Bf4
O-O 9. h3 Nge5 10. Bg2 a6 11. O-O Nxf3+ 12. Qxf3 Nd4 13. Qd1 e5 14. Be3 Be6 15.
b3 Qd7 16. g4 h5 17. f3 f5 18. exf5 gxf5 19. gxh5 f4 20. Bxd4 cxd4 21. Ne4 Rf5
22. Nf2 Rxh5 23. Ng4 Kf7 24. Kf2 Bf6 25. Ke2 Qc6 26. Qd2 Rc8 27. Rbc1 Qc5 28.
Nf2 Bd8 29. b4 Qc6 30. a3 Be7 31. Rh1 Qa4 32. Ra1 Rxc2 0-1

[Event "Weekend Inverno"]
[Site "Roma ITA"]
[Date "2009.02.07"]
[Round "2"]
[White "Tomassetti, Giuseppe"]
[Black "Milani, Patrizia"]
[Result "1-0"]
[WhiteElo "1697"]
[BlackElo "1458"]
[PlyCount "89"]
[EventDate "2009.02.06"]

1. e4 e5 2. Nf3 Nc6 3. d4 exd4 4. Bc4 Nf6 5. O-O Be7 6. Re1 O-O 7. Nxd4 Ne5 8.
Bb3 c5 9. f4 cxd4 10. fxe5 Ne8 11. Qxd4 Qc7 12. Kh1 Qc6 13. Nc3 Nc7 14. Nd5 Bc5
15. Qd3 Ne6 16. Be3 Kh8 17. c3 Bxe3 18. Qxe3 Qc5 19. Rf1 Qxe3 20. Nxe3 b6 21.
Bd5 Rb8 22. Nc4 Bb7 23. Nd6 Bxd5 24. exd5 Nc5 25. Nxf7+ Kg8 26. Ng5 Rfe8 27. b4
Nd3 28. e6 dxe6 29. Nxe6 Rb7 30. Rad1 Ne5 31. Rfe1 Nd7 32. c4 h6 33. c5 bxc5
34. Nxc5 Rxe1+ 35. Rxe1 Nxc5 36. bxc5 Rb5 37. Rc1 Kf7 38. c6 Rb8 39. c7 Rc8 40.
d6 Ke8 41. Re1+ Kd7 42. Rd1 Re8 43. h4 Re4 44. g3 Rb4 45. Rc1 1-0

[Event "Weekend Inverno"]
[Site "Roma ITA"]
[Date "2009.02.07"]
[Round "2"]
[White "Vertechi, Pietro"]
[Black "Schmid, Ermanno"]
[Result "1-0"]
[WhiteElo "1882"]
[BlackElo "1413"]
[PlyCount "65"]
[EventDate "2009.02.06"]

1. d4 Nf6 2. c4 c5 3. d5 e6 4. Nc3 exd5 5. cxd5 d6 6. e4 g6 7. f4 Qe7 8. Bd3 a6
9. Nf3 Bg4 10. O-O Bg7 11. e5 dxe5 12. fxe5 Nfd7 13. Bg5 Bxf3 14. Qxf3 Nxe5 15.
Bxe7 Nxf3+ 16. Rxf3 Kxe7 17. d6+ Kf8 18. Bc4 f5 19. Bd5 Ra7 20. g4 Bd4+ 21. Kg2
Kg7 22. gxf5 g5 23. Re1 Bf6 24. Rfe3 b6 25. Ne4 Re8 26. Nxf6 Rxe3 27. Nh5+ Kf8
28. Rxe3 Rd7 29. Re6 Rd8 30. Nf6 Kg7 31. Kf3 Nd7 32. Nxd7 Rxd7 33. Re7+ 1-0

[Event "Weekend Inverno"]
[Site "Roma ITA"]
[Date "2009.02.07"]
[Round "2"]
[White "Vespe, Francesco"]
[Black "Spano' Cuomo, Gaetano"]
[Result "1-0"]
[WhiteElo "1994"]
[BlackElo "1840"]
[PlyCount "47"]
[EventDate "2009.02.06"]

1. d4 e6 2. c4 d5 3. Nc3 Nf6 4. Bg5 Be7 5. e3 O-O 6. Nf3 Nbd7 7. Rc1 Re8 8. Bd3
Nf8 9. O-O c6 10. Ne5 N6d7 11. Bf4 Nxe5 12. Bxe5 f5 13. g4 fxg4 14. Qxg4 Bf6
15. f4 dxc4 16. Bxc4 Ng6 17. Ne4 Kh8 18. Rf3 Bxe5 19. fxe5 Qh4 20. Qg2 Qe7 21.
Rh3 Kg8 22. Nd6 Rf8 23. Qg4 Nh8 24. Nxc8 1-0

[Event "Weekend Inverno"]
[Site "Roma ITA"]
[Date "2009.02.07"]
[Round "3"]
[White "Bolla, Vittorio"]
[Black "Tomassetti, Giuseppe"]
[Result "0-1"]
[WhiteElo "1850"]
[BlackElo "1697"]
[PlyCount "80"]
[EventDate "2009.02.06"]

1. e4 d6 2. d4 Nf6 3. Nc3 g6 4. Be3 Bg7 5. f3 c6 6. Qd2 b5 7. Bh6 Bxh6 8. Qxh6
Qa5 9. g4 b4 10. Nce2 Ba6 11. Qd2 Qb6 12. O-O-O Nbd7 13. Kb1 c5 14. dxc5 Qxc5
15. Nh3 Rc8 16. Nc1 Bxf1 17. Rhxf1 a5 18. Nb3 Qc7 19. g5 Nh5 20. Rf2 a4 21. Nd4
Qb6 22. f4 Nc5 23. Re2 O-O 24. f5 Rb8 25. e5 b3 26. cxb3 axb3 27. a3 dxe5 28.
Rxe5 Rb7 29. Qe3 Qd6 30. Rc1 Nd3 31. Qxd3 Qxe5 32. fxg6 hxg6 33. Nf3 Qe6 34.
Nd2 Rd7 35. Qc3 Rxd2 36. Qxd2 Qxh3 37. Rc3 Qf1+ 38. Rc1 Qf5+ 39. Ka1 Ng7 40.
Qc3 Qxg5 0-1

[Event "Weekend Inverno"]
[Site "Roma ITA"]
[Date "2009.02.07"]
[Round "3"]
[White "Carola, Paolo"]
[Black "Chiaretti, Roberto"]
[Result "0-1"]
[WhiteElo "1891"]
[BlackElo "2198"]
[PlyCount "90"]
[EventDate "2009.02.06"]

1. e4 c5 2. c3 e5 3. Nf3 Nc6 4. Bc4 Qc7 5. O-O Nf6 6. Re1 Be7 7. Bb3 O-O 8. d4
d6 9. h3 Bd7 10. Bg5 h6 11. Bh4 Rac8 12. dxe5 Nxe5 13. Nxe5 dxe5 14. c4 Rcd8
15. Qc2 Bc6 16. Bxf6 Bxf6 17. Nc3 Rd4 18. Nd5 Qd6 19. Rad1 Re8 20. Rd3 Bg5 21.
Qe2 a6 22. Red1 b5 23. Rg3 Bh4 24. Rg4 Bd8 25. Ne3 Bd7 26. Rg3 b4 27. Bc2 Bh4
28. Rf3 g6 29. b3 Bg5 30. Rg3 Kh8 31. Ng4 Be6 32. Nh2 Rxd1+ 33. Bxd1 Rd8 34.
Bc2 Qd2 35. Qxd2 Rxd2 36. Bd3 Rxa2 37. Nf1 Rb2 38. Ne3 Bxe3 39. Rxe3 Rxb3 40.
Kf1 a5 41. Ke2 Rb2+ 42. Kf3 a4 43. Re1 a3 44. Ra1 a2 45. Ke3 b3 0-1

[Event "Weekend Inverno"]
[Site "Roma ITA"]
[Date "2009.02.07"]
[Round "3"]
[White "Di Paolantonio, Leonardo"]
[Black "Gatta, Flavio"]
[Result "1/2-1/2"]
[WhiteElo "1482"]
[BlackElo "1759"]
[PlyCount "46"]
[EventDate "2009.02.06"]

1. e4 Nf6 2. Nc3 d5 3. exd5 Nxd5 4. Nxd5 Qxd5 5. Nf3 Bg4 6. Be2 Nc6 7. h3 Bh5
8. d3 O-O-O 9. a3 e5 10. c4 Qd7 11. b4 f6 12. Qd2 Bxf3 13. Bxf3 Nd4 14. Bd1 Ne6
15. g3 g6 16. Bb2 Qxd3 17. Qxd3 Rxd3 18. Bg4 Kd7 19. Rd1 Rxd1+ 20. Kxd1 Bg7 21.
Bf3 c6 22. h4 Ke7 23. Ke2 h5 1/2-1/2

[Event "Weekend Inverno"]
[Site "Roma ITA"]
[Date "2009.02.07"]
[Round "3"]
[White "Franciosi, Claudio"]
[Black "Bernardinetti, Luca"]
[Result "1/2-1/2"]
[WhiteElo "1647"]
[BlackElo "1554"]
[PlyCount "62"]
[EventDate "2009.02.06"]

1. e4 e5 2. Nf3 Nc6 3. Bb5 a6 4. Ba4 b5 5. Bb3 Nf6 6. Ng5 d5 7. exd5 Nd4 8. d6
Nxb3 9. dxc7 Qxc7 10. axb3 Bc5 11. O-O h6 12. Nf3 e4 13. Qe2 O-O 14. Ne1 Bg4
15. Nf3 exf3 16. gxf3 Bh3 17. Rd1 Qf4 18. d3 Qf5 19. Kh1 Rfe8 20. Be3 Nd5 21.
d4 Bd6 22. Rg1 Nxe3 23. fxe3 Qh5 24. Nd2 Re6 25. Qf2 g5 26. d5 Rg6 27. Ne4 f5
28. Nxd6 Rxd6 29. c4 b4 30. Rad1 Rg6 31. d6 Rd8 1/2-1/2

[Event "Weekend Inverno"]
[Site "Roma ITA"]
[Date "2009.02.07"]
[Round "3"]
[White "Iandolo, Marco"]
[Black "Passerotti, Pierluigi"]
[Result "0-1"]
[WhiteElo "1975"]
[BlackElo "2297"]
[PlyCount "76"]
[EventDate "2009.02.06"]

1. Nf3 f5 2. c4 Nf6 3. g3 g6 4. Bg2 Bg7 5. O-O O-O 6. Nc3 d6 7. d3 e5 8. Rb1 h6
9. b4 g5 10. b5 Qe8 11. e3 Nbd7 12. d4 e4 13. Nd2 g4 14. a4 Rf7 15. Ba3 Bf8 16.
Qc2 Nh7 17. c5 dxc5 18. Nd5 Nb6 19. Nxb6 axb6 20. dxc5 bxc5 21. Bxc5 Bxc5 22.
Qxc5 Rxa4 23. Nb3 Ng5 24. Rfd1 Be6 25. Nd4 Qe7 26. Qc3 Rc4 27. Qb2 Rc5 28. Ra1
Bc4 29. Ra8+ Kh7 30. Ne2 Bxe2 31. Qxe2 Qe5 32. Bf1 Nf3+ 33. Kh1 Rg7 34. h4 gxh3
35. Ra7 b6 36. Bxh3 Rxb5 37. Bg2 Rb2 38. Qc4 Rxf2 0-1

[Event "Weekend Inverno"]
[Site "Roma ITA"]
[Date "2009.02.07"]
[Round "3"]
[White "Marocco, Andrea"]
[Black "Benocci, Umiliano"]
[Result "0-1"]
[WhiteElo "1533"]
[BlackElo "1592"]
[PlyCount "29"]
[EventDate "2009.02.06"]

1. e4 e6 2. d4 d5 3. Nc3 dxe4 4. Nxe4 Bd7 5. Nf3 Bc6 6. Nc3 Nd7 7. Be2 a6 8.
Bf4 Bd6 9. Bxd6 cxd6 10. O-O Ngf6 11. Re1 Qb6 12. Rb1 O-O 13. Qd3 Rad8 14. Nd2
d5 15. Bf3 0-1

[Event "Weekend Inverno"]
[Site "Roma ITA"]
[Date "2009.02.07"]
[Round "3"]
[White "Napoli, Nicolo'"]
[Black "Vespe, Francesco"]
[Result "1-0"]
[WhiteElo "2313"]
[BlackElo "1994"]
[PlyCount "71"]
[EventDate "2009.02.06"]

1. e4 e6 2. d4 d5 3. exd5 exd5 4. c4 c6 5. Nc3 Nf6 6. Nf3 Bd6 7. Qb3 O-O 8. c5
Re8+ 9. Be2 Bc7 10. Bg5 h6 11. Bh4 Nbd7 12. O-O Nf8 13. Rfe1 Ng6 14. Bg3 Bxg3
15. hxg3 Qc7 16. Bd3 Be6 17. Re2 Ne4 18. Rae1 f5 19. Nh2 Bf7 20. Re3 h5 21. Qd1
Nf8 22. Nf3 Rad8 23. Ne2 Ne6 24. b4 g5 25. Ne5 Nxd4 26. Nxf7 Nxe2+ 27. Bxe2 d4
28. Rxe4 Rxe4 29. Nxd8 Qxd8 30. Bc4+ Kg7 31. Rxe4 fxe4 32. Qxh5 Qf6 33. Qe8 Qf5
34. Qg8+ Kh6 35. Qh8+ Kg6 36. Qxd4 1-0

[Event "Weekend Inverno"]
[Site "Roma ITA"]
[Date "2009.02.07"]
[Round "3"]
[White "Petragnani, Gian Giacomo"]
[Black "Maddaloni, Giovanni"]
[Result "1-0"]
[WhiteElo "1640"]
[BlackElo "1843"]
[PlyCount "84"]
[EventDate "2009.02.06"]

1. Nf3 Nf6 2. g3 d5 3. Bg2 c6 4. O-O Bg4 5. d3 Bxf3 6. Bxf3 e5 7. Nd2 Be7 8. e4
O-O 9. Re1 d4 10. Bg2 Na6 11. Nc4 Nd7 12. f4 Bf6 13. b3 c5 14. Nd6 Rb8 15. Nf5
Nc7 16. Qg4 Ne6 17. a4 Qa5 18. Qe2 b5 19. Bd2 b4 20. Nd6 Qc7 21. fxe5 Nxe5 22.
Nf5 a5 23. Bf4 Rbd8 24. Rf1 Rd7 25. Rae1 Qa7 26. Qh5 Ng6 27. e5 Ngxf4 28. gxf4
g6 29. Nh6+ Kh8 30. Qh3 Bg7 31. Ng4 Rdd8 32. Nf6 Bxf6 33. exf6 h5 34. Qh4 Kh7
35. Bf3 Rh8 36. f5 Nf8 37. Re7 Rd7 38. Rfe1 Kg8 39. Bd5 Rh6 40. Bxf7+ Kh8 41.
fxg6 Nxg6 42. Bxg6 Rxg6+ 1-0